Calculus and its applications : (Record no. 8689)

MARC details
000 -LEADER
fixed length control field 01567cam a2200373 i 4500
001 - CONTROL NUMBER
control field 17428295
003 - CONTROL NUMBER IDENTIFIER
control field mut
005 - DATE AND TIME OF LATEST TRANSACTION
control field 20240606081101.0
008 - FIXED-LENGTH DATA ELEMENTS--GENERAL INFORMATION
fixed length control field 120813s2014 maua b 001 0 eng
010 ## - LIBRARY OF CONGRESS CONTROL NUMBER
LC control number 2012024741
020 ## - INTERNATIONAL STANDARD BOOK NUMBER
International Standard Book Number 0321838203
040 ## - CATALOGING SOURCE
Original cataloging agency DLC
Language of cataloging eng
Transcribing agency DLC
Description conventions rda
Modifying agency DLC
042 ## - AUTHENTICATION CODE
Authentication code pcc
050 00 - LIBRARY OF CONGRESS CALL NUMBER
Classification number QA303.2
Item number .B4665 2014
082 00 - DEWEY DECIMAL CLASSIFICATION NUMBER
Classification number 515
Edition information 23
100 1# - MAIN ENTRY--PERSONAL NAME
Personal name Bittinger, Marvin L.,
Relator term author.
240 10 - UNIFORM TITLE
Uniform title Calculus and its applications (expanded version)
245 10 - TITLE STATEMENT
Title Calculus and its applications :
Remainder of title expanded version /
250 ## - EDITION STATEMENT
Edition statement 1st edition.
264 #1 - PRODUCTION, PUBLICATION, DISTRIBUTION, MANUFACTURE, AND COPYRIGHT NOTICE
Place of production, publication, distribution, manufacture Boston :
Name of producer, publisher, distributor, manufacturer Pearson Education,
Date of production, publication, distribution, manufacture, or copyright notice [2014]
300 ## - PHYSICAL DESCRIPTION
Extent xxi, 841 pages :
Other physical details color illustrations ;
Dimensions 29 cm
336 ## - CONTENT TYPE
Content type term text
Source rdacontent
337 ## - MEDIA TYPE
Media type term unmediated
Source rdamedia
338 ## - CARRIER TYPE
Carrier type term volume
Source rdacarrier
504 ## - BIBLIOGRAPHY, ETC. NOTE
Bibliography, etc. note Includes bibliographical references and index.
525 ## - SUPPLEMENT NOTE
Supplement note Supplements: Calculus and its applications. 10th ed. 2012.
650 #0 - SUBJECT ADDED ENTRY--TOPICAL TERM
Topical term or geographic name entry element Calculus
Form subdivision Textbooks.
700 1# - ADDED ENTRY--PERSONAL NAME
Personal name Ellenbogen, David,
Relator term author.
700 1# - ADDED ENTRY--PERSONAL NAME
Personal name Surgent, Scott Adam,
Relator term author.
700 1# - ADDED ENTRY--PERSONAL NAME
Personal name Bittinger, Marvin L.
Title of a work Calculus and its applications.
Number of part/section of a work 10th ed.
Date of a work 2012.
906 ## - LOCAL DATA ELEMENT F, LDF (RLIN)
a 7
b cbc
c orignew
d 1
e ecip
f 20
g y-gencatlg
942 ## - ADDED ENTRY ELEMENTS (KOHA)
Source of classification or shelving scheme Library of Congress Classification
Koha item type Books
Holdings
Withdrawn status Lost status Source of classification or shelving scheme Damaged status Not for loan Home library Current library Date acquired Total checkouts Full call number Barcode Date last seen Price effective from Koha item type
    Library of Congress Classification     Murang'a University of Technology Library Murang'a University of Technology Library 02/05/2017   QA303.2 .B4665 2014 008917 02/05/2017 02/05/2017 Books